000 00540nam a2200157 4500
001 136080
003 ES-MaACL
005 20230906195030.0
007 t|
008 070214s1912 sp r ||||1| spa d
100 1 _aRuiz de Obregón, Angel.
_9100764
245 1 0 _aJusticia municipal /
_cAngel Ruiz de Obregón.
260 _aMadrid :
_bHijos de Reus,
_c1912.
500 _aPublicado en: Revista General de Legislación y Jurisprudencia, 1911, 59 (119), p. 502-513 ; y 1912, 60 (120), p. 64-72 y 222-228.
852 _aES-MaACL
_jT-1332-F-3
999 _c136080
_d136080